Global Energy Perspectives <A> Summary of the Joint Study by IIASA and World Energy Council

Saved in:
Bibliographic Details
Main Author: Grübler, Arnulf
Other Authors: Jefferson, Michael, Nakicenovic, Nebojša
Format: Book
Language:English
Published: Laxenburg International Institute for Applied Systems Analysis 1996
Edition:1. ed.
Series:RR-96-10
Subjects:
Tags: Add Tag
No Tags, Be the first to tag this record!

MARC

LEADER 00000nam a2200000 4500
001 c019196
005 20221214071106.3
041 0 |a eng 
044 |a AT 
245 1 0 |a Global Energy Perspectives  |b <A> Summary of the Joint Study by IIASA and World Energy Council  |c Arnulf Grübler, Michael Jefferson, Nebojša Nakicenovic 
250 |a 1. ed. 
264 1 |a Laxenburg  |b International Institute for Applied Systems Analysis  |c 1996 
300 |a S. 238-264 
490 1 |a RR-96-10 
830 0 |a RR-96-10 
500 |a Reprinted from Technological Forecasting and Social Change, 51 (3):237-264 (1996) 
610 2 0 |a energia 
610 2 0 |a energetika 
610 2 0 |a zdroje energetické 
610 2 0 |a zdroje energie prírodné 
610 2 0 |a zdroje palivovo-energetické 
610 2 0 |a organizácie ekonomické medzinárodné 
610 2 0 |a svet 
610 2 0 |a štúdie prípadové 
100 1 |a Grübler, Arnulf 
700 1 |a Jefferson, Michael 
700 1 |a Nakicenovic, Nebojša